[Event "SVK-ch U14"]
[Site "Stara Lubovna"]
[Date "2022.05.26"]
[Round "7"]
[White "Toth, Marton1111"]
[Black "Demjan, David"]
[Result "0-1"]
[WhiteElo "1041"]
[BlackElo "1375"]
[PlyCount "56"]
[EventDate "2022.05.21"]
[EventType "swiss"]
[EventRounds "9"]
[EventCountry "SVK"]
[SourceTitle "CBM 208 Extra"]
[Source "ChessBase"]
[SourceDate "2022.07.31"]
[SourceVersion "1"]
[SourceVersionDate "2022.07.31"]
[SourceQuality "1"]

1. e4 d6 2. d4 Nf6 3. Nc3 Nbd7 4. f3 e5 5. Be3 Be7 6. Bc4 c6 7. a4 Qc7 8. b4 d5 9. dxe5 Bxb4 10. Nge2 Nxe5 11. Ba2 dxe4 12. fxe4 Nxe4 13. Qd4 Nxc3 14. Nxc3 c5 15. Bxf7+ Nxf7 16. Qxg7 Qe5 17. Qxe5+ Nxe5 18. Bd2 Nc4 19. 0-0-0 0-0 20. Bh6 Bg4 21. Nd5 Rf2 22. Rdf1 Rxf1+ 23. Rxf1 Be2 24. Ne7+ Kh8 25. Rf2 Bh5 26. g4 Bxg4 27. Rf4 Bd2+ 28. Kb1 Bxf4 0-1

[Event "SVK-ch U14"]
[Site "Stara Lubovna"]
[Date "2022.05.25"]
[Round "6"]
[White "Demjan, David"]
[Black "Benci, Jozef1111"]
[Result "0-1"]
[WhiteElo "1375"]
[BlackElo "1624"]
[PlyCount "50"]
[EventDate "2022.05.21"]
[EventType "swiss"]
[EventRounds "9"]
[EventCountry "SVK"]
[SourceTitle "CBM 208 Extra"]
[Source "ChessBase"]
[SourceDate "2022.07.31"]
[SourceVersion "1"]
[SourceVersionDate "2022.07.31"]
[SourceQuality "1"]

1. d4 d5 2. Bf4 Nf6 3. Nc3 g6 4. Qd2 Bg7 5. h4 h5 6. Nf3 c6 7. e3 Bf5 8. Bd3 Bxd3 9. Qxd3 Nbd7 10. 0-0-0 b5 11. b3 b4 12. Na4 Ne4 13. Rdf1 Qa5 14. Nd2 Nxd2 15. Qxd2 Nb6 16. Bc7 Rc8 17. Bxb6 axb6 18. Kb2 c5 19. c3 bxc3+ 20. Nxc3 c4 21. Ra1 b5 22. Qc2 b4 23. Na4 Ra8 24. f4 0-0 25. Nc5 Qxc5 0-1

[Event "SVK-ch U12"]
[Site "Stara Lubovna"]
[Date "2021.07.02"]
[Round "8"]
[White "Kluska, Lukas"]
[Black "Demjan, David"]
[Result "1-0"]
[WhiteElo "1228"]
[BlackElo "1321"]
[PlyCount "71"]
[EventDate "2021.06.26"]
[EventType "swiss"]
[EventRounds "9"]
[EventCountry "SVK"]
[SourceTitle "CBM 203 Extra"]
[Source "ChessBase"]
[SourceDate "2021.09.30"]
[SourceVersion "1"]
[SourceVersionDate "2021.09.30"]
[SourceQuality "1"]

1. e4 d6 2. d4 Nf6 3. f3 Nbd7 4. Be3 e5 5. d5 c6 6. c4 c5 7. Nc3 Qa5 8. Bd3 a6 9. Bd2 Be7 10. Nge2 Qc7 11. Ng3 Nb6 12. 0-0 0-0 13. f4 Ng4 14. h3 Bh4 15. Nf5 Bxf5 16. hxg4 Bd7 17. g5 f6 18. Qh5 fxg5 19. f5 Rf6 20. Bxg5 Bxg5 21. Qxg5 Raf8 22. Ne2 h6 23. Qg4 g6 24. Ng3 g5 25. Nh5 R6f7 26. Rf2 Rh7 27. Raf1 Be8 28. f6 Bxh5 29. Qxh5 Rff7 30. Qg6+ Kh8 31. Be2 Qd8 32. Bg4 Nxc4 33. Be6 Rf8 34. f7 Na5 35. Rf6 b5 36. Bf5 1-0

[Event "SVK-ch U12"]
[Site "Stara Lubovna"]
[Date "2021.06.29"]
[Round "5"]
[White "Dvorak, Alfred"]
[Black "Demjan, David"]
[Result "0-1"]
[WhiteElo "1202"]
[BlackElo "1321"]
[PlyCount "68"]
[EventDate "2021.06.26"]
[EventType "swiss"]
[EventRounds "9"]
[EventCountry "SVK"]
[SourceTitle "CBM 203 Extra"]
[Source "ChessBase"]
[SourceDate "2021.09.30"]
[SourceVersion "1"]
[SourceVersionDate "2021.09.30"]
[SourceQuality "1"]

1. e4 d6 2. d4 Nf6 3. Nc3 Nbd7 4. Bc4 e5 5. Nf3 Be7 6. 0-0 c6 7. Re1 Qc7 8. Be3 h6 9. a4 a5 10. Qe2 g5 11. d5 cxd5 12. Nxd5 Nxd5 13. exd5 f5 14. h3 Nf6 15. Bb3 g4 16. hxg4 fxg4 17. Nd2 Kf7 18. f3 g3 19. f4 Bg4 20. Qd3 exf4 21. Bxf4 Rag8 22. Be5 h5 23. Bxf6 Bxf6 24. Re6 Bxe6 25. dxe6+ Ke7 26. Qf5 Qc5+ 27. Qxc5 dxc5 28. Ne4 Bxb2 29. Rf1 Bd4+ 30. Kh1 Rf8 31. Rxf8 Rxf8 32. Nxg3 Be5 33. Ne2 Rf1+ 34. Ng1 Bd4 0-1